000 nam a22 7a 4500
999 _c10469
_d10469
008 180217b ||||| |||| 00| 0 eng d
100 _aSingh, A P
_96062
245 _aLab manual in maths -VII
260 _aNew Delhi
_bS, Dinesh Publication
_c2013